Viaje por Icaria

Libro de estilo descriptivo, discurre la historia sobre un viaje, su objeto central es la argumentación sobre una superioridad moral en quienes se adscriben a la ideología socialista sobre la ideología capitalista. A lo largo del correr discursivo de la descripción se van tejiendo una serie de probl...

Volledige beschrijving

Bewaard in:
Bibliografische gegevens
Hoofdauteur: Cabet, Étienne
Formaat: Boek
Taal:Undetermined
Gepubliceerd in: Barcelona, España Ediciones Orbis 1985
Onderwerpen:
Tags: Voeg label toe
Geen labels, Wees de eerste die dit record labelt!

MARC

LEADER 00000nam a2200000Ia 4500
008 170316s9999 xx 000 0 und d
040 |a cru BVZT 
090 |a 100 C-1v v.1 
100 |a Cabet, Étienne  |9 1620 
245 |a Viaje por Icaria   |c / Étienne Cabet 
260 |a Barcelona, España  |b Ediciones Orbis  |c 1985 
300 |a 283 p. 
520 |a Libro de estilo descriptivo, discurre la historia sobre un viaje, su objeto central es la argumentación sobre una superioridad moral en quienes se adscriben a la ideología socialista sobre la ideología capitalista. A lo largo del correr discursivo de la descripción se van tejiendo una serie de problemas que van conformando la anterior tesis central. Por ejemplo, la pregunta por la universalidad de los “derechos humanos”; para quién es bueno el tipo de organización social capitalista; la desigualdad de fortuna y de poder, la propiedad individual y la moneda como vicios de la organización social; entre otros 
650 |a FILOSOFÍA  |9 5 
650 |a ICARIA  |9 1621 
650 |a PROYECTO ICARIANO  |9 1622 
650 |a ICARIA - DESCRIPCION  |9 1623 
999 |c 15873  |d 15873 
942 |c 15 D  |h 100 C-1v v.1  |2 z